000 00729nam a2200265Ia 4500
001 Para_8790
003 CHAP
008 220125s2001 xx 000 0 und d
010 _a207571
040 _cCHAP
090 _aCD 5
110 _aAmerican Phytopathological Society
_95265
245 _aDiseases of herbaceous ornamental and roses [disco compacto] /
_c by APS
260 _aSt. Paul, Minn. :
_b APS Press
300 _a1 CD
650 _aPlantas ornamentales
_x enfermedades
_989062
650 _aRosas
_x enfermedades
_999967
901 _aCD 5
902 _aA
905 _a0000002001 dl 0000000000 00
910 _a2001
942 _cPARA
942 _cPARA
_d1
999 _c207571
_d207571